Agricultural process engineering (Record no. 13680)
[ view plain ]
| 000 -LEADER | |
|---|---|
| fixed length control field | 00374cam a2200145 a 4500 |
| 020 ## - INTERNATIONAL STANDARD BOOK NUMBER | |
| ISBN | 9788189729974 |
| 020 ## - INTERNATIONAL STANDARD BOOK NUMBER | |
| ISBN | 818972997 |
| 082 ## - DEWEY DECIMAL CLASSIFICATION NUMBER | |
| Classification number | 660.284 |
| Item number | RED/AG |
| 245 00 - TITLE STATEMENT | |
| Title | Agricultural process engineering |
| 260 ## - PUBLICATION, DISTRIBUTION, ETC. (IMPRINT) | |
| Place of publication | New Delhi [India] : |
| Name of publisher | Gene-Tech Books, |
| Year of publication | 2010. |
| 300 ## - PHYSICAL DESCRIPTION | |
| Number of Pages | 272 p. : |
| Other physical details | ill. |
| 650 #0 - SUBJECT ADDED ENTRY--TOPICAL TERM | |
| Topical Term | Agricultural engineering. |
| 700 1# - ADDED ENTRY--PERSONAL NAME | |
| Personal name | Reddy, R. N. |
| 942 ## - ADDED ENTRY ELEMENTS (KOHA) | |
| Koha item type | Books |
| Withdrawn status | Lost status | Damaged status | Collection code | Home library | Current library | Shelving location | Date acquired | Source of acquisition | Cost, normal purchase price | Full call number | Accession Number | Koha item type |
|---|---|---|---|---|---|---|---|---|---|---|---|---|
| Non-fiction | KAUAET | KAUAET | General Stacks | 31/03/2012 | International Books and periodical supply service, New Delhi | 800.00 | 660.284 RED/AG | 23558 | Books | |||
| Non-fiction | KAUAET | KAUAET | General Stacks | 31/03/2012 | Southern Book star, Tvm | 800.00 | 660.284 RED/AG | 23371 | Books | |||
| Non-fiction | KAUAET | KAUAET | General Stacks | 30/03/2013 | Neoti Book Agency | 800.00 | 660.284 RED/AG | 23844 | Books | |||
| Non-fiction | KAUAET | KAUAET | General Stacks | 27/05/2019 | 800.00 | 660.284 RED/AG | 25942 | Books |
